IZINDLELA ZOKUFUNDISWA KWESIZULU (Record no. 669615)
[ view plain ]
| 000 -LEADER | |
|---|---|
| fixed length control field | 00317nam a2200109Ia 4500 |
| 008 - FIXED-LENGTH DATA ELEMENTS--GENERAL INFORMATION | |
| fixed length control field | 220622s9999 xx 000 0 und d |
| 020 ## - INTERNATIONAL STANDARD BOOK NUMBER | |
| International Standard Book Number | <a href="0521-146984">0521-146984</a> |
| 082 ## - DEWEY DECIMAL CLASSIFICATION NUMBER | |
| Classification number | NF,496.3118 MOR |
| 942 ## - ADDED ENTRY ELEMENTS | |
| Creator ID | 561 |
| Creator Name | John Tresidder |
| Modifier ID | |
| Modifier Name | CRON CRON |
| 100 ## - MAIN ENTRY--PERSONAL NAME | |
| Personal name | Achebe, Chinua |
| 245 #0 - TITLE STATEMENT | |
| Title | IZINDLELA ZOKUFUNDISWA KWESIZULU |
| 942 ## - ADDED ENTRY ELEMENTS | |
| item type | Books |
| Withdrawn status | Lost status | Damaged status | Not for loan | Home library | Current library | Date acquired | Cost, normal purchase price | Total Checkouts | Barcode | Date last seen | Price effective from | item type | Public note |
|---|---|---|---|---|---|---|---|---|---|---|---|---|---|
| Mhluzi PL (MMID-PLST-MHLU) | Mhluzi PL (MMID-PLST-MHLU) | 22.06.2022 | 55.00 | 33228-02022930 | 22.06.2022 | 22.06.2022 | Books | 169443 |